|
|
|
|
| LEADER |
00000nam0a2200000 4500 |
| 001 |
76666 |
| 005 |
20231031091843.0 |
| 010 |
|
|
|a 5724505347
|
| 035 |
|
|
|a (RuTPU)RU\TPU\book\82178
|
| 090 |
|
|
|a 76666
|
| 100 |
|
|
|a 20050428d km y0rusy50 ca
|
| 101 |
0 |
|
|a rus
|
| 102 |
|
|
|a RU
|
| 105 |
|
|
|a a z 001zy
|
| 200 |
1 |
|
|a Дозирование сыпучих и вязких материалов
|f А. В. Каталымов, В. А Любартович
|
| 210 |
|
|
|a Ленинград
|c Химия
|d 1990
|
| 215 |
|
|
|a 240 с.
|c ил.
|
| 320 |
|
|
|a Библиогр.: с. 220-223.
|
| 320 |
|
|
|a Предметный указатель: с. 238-240.
|
| 610 |
1 |
|
|a сыпучие материалы
|
| 610 |
1 |
|
|a полимеры
|
| 610 |
1 |
|
|a расплавы
|
| 610 |
1 |
|
|a дозировка
|
| 610 |
1 |
|
|a дозаторы
|
| 610 |
1 |
|
|a дозирование
|
| 610 |
1 |
|
|a дозирующие устройства
|
| 675 |
|
|
|a 66.028
|v 3
|
| 700 |
|
1 |
|a Каталымов
|b А. В.
|g Анатолий Васильевич
|
| 701 |
|
1 |
|a Любартович
|b В. А
|g Валерий Анатольевич
|
| 801 |
|
1 |
|a RU
|b 63413507
|c 20050428
|g PSBO
|
| 801 |
|
2 |
|a RU
|b 63413507
|c 20160504
|g PSBO
|
| 942 |
|
|
|c BK
|